[Event "Open"]
[Site "Pamplona ESP"]
[Date "2003.12.27"]
[Round "8"]
[White "Pomes Marcet,J"]
[Black "Cheparinov,I"]
[Result "0-1"]
[WhiteElo "2379"]
[BlackElo "2531"]

1.d4 Nf6 2.c4 e6 3.g3 c5 4.d5 exd5 5.cxd5 d6 6.Nc3 g6 7.Bg2 Bg7 8.Nf3 O-O
9.O-O Re8 10.h3 Na6 11.Nd2 Nc7 12.a4 b6 13.Re1 Ba6 14.e4 Nd7 15.Nf3 Qe7 16.Kh2 Qf8
17.Be3 f5 18.exf5 Qxf5 19.Nh4 Qf8 20.f4 Re7 21.Bf3 Rae8 22.Qd2 c4 23.Ng2 Nc5
24.Bxc5 bxc5 25.h4 Qf5 26.Rxe7 Rxe7 27.Re1 Qf6 28.Rxe7 Qxe7 29.h5 Bd4 30.Qc2 gxh5
31.Qf5 Ne8 32.Qxh5 Bc8 33.g4 Nf6 34.Qg5+ Kh8 35.Kg3 Bxg4 36.Bxg4 Bxc3 37.Qf5 Bxb2
38.Qc8+ Qe8 39.Qb7 Bd4 40.Bf5 Qg8+ 41.Kf3 Qxd5+ 42.Qxd5 Nxd5 43.Be6 c3 44.Ne1 Nb4  0-1

[Event "8th Open"]
[Site "St Lo FRA"]
[Date "2004.02.17"]
[Round "5"]
[White "Cioara,A"]
[Black "Baugin,A"]
[Result "1/2-1/2"]
[WhiteElo "2361"]
[BlackElo "2141"]

1.d4 Nf6 2.c4 e6 3.g3 c5 4.d5 exd5 5.cxd5 d6 6.Bg2 g6 7.Nc3 Bg7 8.Nf3 O-O
9.O-O a6 10.a4 Re8 11.Nd2 Nbd7 12.a5 b5 13.axb6 Nxb6 14.Qc2 Rb8 15.Ra2 Qc7
16.e4 c4 17.Nd1 Ng4 18.h3 Ne5 19.Ne3 Qc5 20.Ra3 a5 21.Rd1 Ba6 22.Bf1 a4 23.Kg2 Rec8
24.Nb1 Nd3 25.Nc3 Nxc1 26.Rxc1 Bb5 27.Nxb5 Qxb5 28.Nd1 Qd7 29.Nc3 Ra8 30.Rca1 Rab8
31.R1a2 Bxc3 32.Rxc3 Qb5 33.Be2 Rc7 34.h4 f5 35.Bf3 Rf8 36.Qd2 Rcf7 37.Qd4 fxe4
38.Qxe4 Nd7 39.Qe6 Ne5 40.Bd1 Qc5 41.f4 Kg7 42.Bf3 Nd3 43.Qe2 Qb5 44.Qe3 Kg8
45.Qd4 Ne1+ 46.Kf2 Nxf3 47.Kxf3 Rc8 48.Rca3  1/2-1/2

[Event "ch-CZE"]
[Site "Karlovy Vary CZE"]
[Date "2004.02.22"]
[Round "6"]
[White "Haba,P"]
[Black "Hracek,Z"]
[Result "0-1"]
[WhiteElo "2524"]
[BlackElo "2599"]

1.d4 Nf6 2.c4 e6 3.g3 c5 4.Nf3 cxd4 5.Nxd4 Qc7 6.Nd2 b6 7.Bg2 Bb7 8.Nb5 Qc8
9.e4 a6 10.Nc3 d6 11.O-O Be7 12.b3 O-O 13.Bb2 Nbd7 14.Qe2 Re8 15.Rac1 Qc5
16.a3 Rac8 17.b4 Qc7 18.f4 Nf8 19.Kh1 N6d7 20.Nd1 Bf6 21.Bxf6 Nxf6 22.Rc3 a5
23.Nf2 axb4 24.axb4 Ra8 25.Rfc1 Ra2 26.Qe3 Rea8 27.c5 dxc5 28.bxc5 bxc5 29.Rxc5 Qb6
30.Nc4 Qb4 31.Kg1 Rxf2 32.Qxf2 Ng4 33.Qd4 Rd8  0-1

[Event "6th Foxwoods Open"]
[Site "Connecticut USA"]
[Date "2004.04.08"]
[Round "3"]
[White "Gurevich,D"]
[Black "Smith,BG"]
[Result "1-0"]
[WhiteElo "2497"]
[BlackElo "2334"]

1.d4 e6 2.c4 Nf6 3.g3 c5 4.Nf3 cxd4 5.Nxd4 a6 6.Bg2 Qc7 7.b3 Bb4+ 8.Bd2 Bc5
9.Bc3 d5 10.e3 dxc4 11.bxc4 e5 12.Nb3 Be7 13.N1d2 Bd7 14.O-O Bc6 15.e4 O-O
16.c5 Bb5 17.Ba5 Qc8 18.Re1 Nc6 19.Bb6 a5 20.a4 Ba6 21.Rc1 Nb4 22.Re3 Qd7
23.Nxa5 Ng4 24.Rf3 Rad8 25.Bxd8 Rxd8 26.Qb3 Qxd2 27.Qxf7+ Kh8 28.Nb3 Qe2
29.Bf1 Qxe4 30.Qxe7 Rg8 31.Rf8 h6 32.Bxa6 bxa6 33.c6 Nd3 34.c7 Ne1 35.Rxg8+ Kxg8
36.c8=Q+ Kh7 37.Qxg7+ Kxg7 38.Rc7+ Kg6 39.Qe8+ Kf5 40.Qh5+  1-0

[Event "ACP Blitz Prelim1"]
[Site "playchess.com INT"]
[Date "2004.04.12"]
[Round "3"]
[White "Berry,J"]
[Black "Kiriakov,P"]
[Result "0-1"]
[WhiteElo "2255"]
[BlackElo "2568"]

1.c4 e6 2.d4 Nf6 3.g3 c5 4.Nf3 d5 5.cxd5 exd5 6.Bg2 Nc6 7.O-O Be7 8.Nc3 O-O
9.Bg5 c4 10.Ne5 Be6 11.f4 h6 12.Bxf6 Bxf6 13.Nxc6 bxc6 14.f5 Bc8 15.Qd2 Re8
16.Rad1 Rb8 17.e4 Bg5 18.Qf2 Qb6 19.h4 Bd8 20.exd5 cxd5 21.Nxd5 Qxb2 22.Rd2 Qa3
23.f6 g6 24.h5 g5 25.Rc2 Be6 26.Re1 Rb5 27.Nc3 Ra5 28.Kh2 Bb6 29.Qd2 Rd8
30.d5 Bf5 31.Rb2 Qd6 32.Ne4 Qxd5 33.Qxd5 Raxd5 34.Nc3 Rd3 35.Na4 Bc7 36.Nc5 Bxg3+
37.Kg1 Bxe1  0-1

[Event "ACP Blitz Prelim4"]
[Site "playchess.com INT"]
[Date "2004.04.15"]
[Round "5"]
[White "Psakhis,L"]
[Black "Socko,B"]
[Result "1-0"]
[WhiteElo "2545"]
[BlackElo "2579"]

1.d4 Nf6 2.c4 e6 3.g3 c5 4.d5 e5 5.Nc3 d6 6.e4 g6 7.h4 Bg7 8.Bh3 O-O 9.Kf1 a6
10.a4 Ne8 11.h5 Nd7 12.hxg6 hxg6 13.Nf3 Ndf6 14.Bxc8 Qxc8 15.Kg2 Nc7 16.a5 Rb8
17.Qc2 b5 18.axb6 Rxb6 19.Bg5 Qb7 20.Rhb1 Rb8 21.Ra2 Rb4 22.Nd2 Na8 23.b3 Nc7
24.Nd1 Nce8 25.Nb2 Nh7 26.Be3 Nef6 27.Rba1 Ng4 28.Nd1 Nxe3+ 29.Nxe3 Rb6 30.Ng4 Nf6
31.Ne3 Bh6 32.Re1 Kg7 33.Qd1 Rh8 34.Qf3 Bxe3 35.fxe3 Qd7 36.Rh1 Rxh1 37.Kxh1 Qh3+
38.Kg1 Ng4 39.Qg2 Qxg2+ 40.Kxg2 f5 41.Kf3 Nh2+ 42.Kg2 Ng4 43.Kf3 Kf6 44.exf5 gxf5
45.e4 Nh2+ 46.Kg2 Ng4 47.Kf3 Kg5 48.Ra1 Nf6 49.exf5 Kxf5 50.Rf1 e4+ 51.Ke3+ Ke5
52.Rf4 a5 53.g4 Nxd5+ 54.cxd5 Kxd5 55.Rxe4 Rb8 56.g5 Rg8 57.Kf4 Rf8+ 58.Kg3 Rh8
59.Ra4 Rh1 60.Rg4 Ke6 61.g6 Ke7 62.g7 Rg1+ 63.Kf4 Rxg4+ 64.Kxg4 Kf7 65.Nc4 d5
66.Nxa5 c4 67.b4 d4 68.Kf3 c3 69.b5 d3 70.Ke3 d2 71.Ke2  1-0

[Event "6th Open"]
[Site "Dubai UAE"]
[Date "2004.04.22"]
[Round "4"]
[White "Villamayor,B"]
[Black "Anastasian,A"]
[Result "1-0"]
[WhiteElo "2469"]
[BlackElo "2587"]

1.d4 Nf6 2.c4 e6 3.g3 c5 4.Nf3 cxd4 5.Nxd4 Qc7 6.Qd3 a6 7.Nc3 b6 8.Bg2 Bb7
9.Bxb7 Qxb7 10.O-O Be7 11.Rd1 O-O 12.Qf3 Ra7 13.b3 Rc8 14.Bb2 d6 15.Rac1 Nbd7
16.Qxb7 Rxb7 17.e4 g5 18.Ba3 Nc5 19.Bxc5 Rxc5 20.a4 Rbc7 21.Nde2 g4 22.Nf4 Nd7
23.Nd3 Rg5 24.Kg2 Nc5 25.Nxc5 bxc5 26.Rd3 Rb7 27.Ne2 Kh8 28.h3 gxh3+ 29.Kxh3 Rg8
30.Rcd1 Rgb8 31.Nc1 Kg7 32.f4 Bf8 33.Kg2 Kf6 34.Rh1 h6 35.Kf3 Ke7 36.Ke2 Bg7
37.Kd2 Bb2 38.Kc2 Bxc1 39.Rxc1 Rg8 40.Rcd1 a5 41.Rh1 Rh8 42.Rh5 Rc7 43.Kd2 Rcc8
44.Ke2 Rcg8 45.e5 dxe5 46.Rxe5 Rc8 47.Rh5 f5 48.Kf3 Rcd8 49.Re3 Kd6 50.Rh1 Rb8
51.Rd1+ Ke7 52.Rd5 Rxb3 53.Rxc5 Rhb8 54.Rxa5  1-0

[Event "9th Ivan Cvitanovic Mem"]
[Site "Split CRO"]
[Date "2004.05.05"]
[Round "5"]
[White "Horvath,Cs1"]
[Black "Zaja,I"]
[Result "1/2-1/2"]
[WhiteElo "2517"]
[BlackElo "2439"]

1.d4 Nf6 2.c4 e6 3.g3 c5 4.Nf3 cxd4 5.Nxd4 d5 6.Bg2 e5 7.Nf3 d4 8.O-O Nc6
9.e3 Be7 10.exd4 exd4 11.Bf4 Be6 12.Ne5 Rc8 13.Nd2  1/2-1/2

[Event "22nd LIE-Open"]
[Site "Triesen LIE"]
[Date "2004.05.18"]
[Round "5"]
[White "Johnsen,G"]
[Black "Rotstein,A"]
[Result "0-1"]
[WhiteElo "2250"]
[BlackElo "2517"]

1.d4 Nf6 2.c4 e6 3.g3 c5 4.d5 exd5 5.cxd5 d6 6.Nc3 g6 7.Bg2 Bg7 8.Nf3 O-O
9.O-O a6 10.a4 Re8 11.Re1 Ne4 12.Nxe4 Rxe4 13.Bg5 Qc7 14.Nd2 Rb4 15.b3 Nd7
16.Nc4 Ne5 17.Rc1 Nxc4 18.Rxc4 Rxc4 19.bxc4 Bd7 20.Qb3 b5 21.axb5 axb5 22.cxb5 Rb8
23.Rc1 Rxb5 24.Qf3 Qb6 25.h4 h5 26.Qe4 Be5 27.Be3 Bf5 28.Qa4 Kg7 29.Bg5 Ra5
30.Qe8 Qb7 31.e4 Bd7 32.Qe7 Ra2 33.Rxc5 Qb2 34.Be3 dxc5 35.Bxc5 Ra8 36.Kh2 Bg4
37.d6 Bf6 38.Qc7 Qe5 39.f4 Qb2 40.e5 Bf3 41.exf6+ Kg8  0-1

[Event "57th ch-RUS Qualifier"]
[Site "St Petersburg RUS"]
[Date "2004.05.22"]
[Round "2"]
[White "Yevseev,D"]
[Black "Dobrov,V"]
[Result "1/2-1/2"]
[WhiteElo "2580"]
[BlackElo "2477"]

1.d4 Nf6 2.c4 e6 3.g3 c5 4.Nf3 cxd4 5.Nxd4 Bb4+ 6.Bd2 Bc5 7.Nb3 Be7 8.Bg2 Nc6
9.O-O b6 10.Nd4 Bb7 11.Bf4 Na5 12.Bxb7 Nxb7 13.Nc3 Rc8 14.Qd3 d6 15.Ndb5 a6
16.Na3 Nd7 17.Rac1 Rc6 18.Rfd1 g5 19.Be3 h5 20.Bd4 Rh6 21.Nc2 Qc8 22.b3 Ne5
23.Qe3 Ng4 24.Qf3 Nc5 25.Ne3 f5 26.Qg2 Ne5 27.Nf1 Kf7 28.h3 Ncd7 29.Nd2 Ng6
30.Na4 h4 31.e4 hxg3 32.exf5 Nf4 33.fxe6+ Rxe6 34.Qf3 Nf6 35.Nxb6 Qb7 36.Re1 Rxe1+
37.Rxe1 gxf2+ 38.Bxf2 Rxb6 39.Bxb6 Qxb6+ 40.Kf1 Qd4 41.Qe3 Qd3+ 42.Qxd3 Nxd3
43.Re3 Nf4 44.b4 d5 45.a3 dxc4 46.Nxc4  1/2-1/2

[Event "57th ch-RUS Qualifier"]
[Site "St Petersburg RUS"]
[Date "2004.05.29"]
[Round "8"]
[White "Yevseev,D"]
[Black "Romanov,E"]
[Result "1/2-1/2"]
[WhiteElo "2580"]
[BlackElo "2392"]

1.d4 Nf6 2.c4 e6 3.g3 c5 4.Nf3 cxd4 5.Nxd4 Nc6 6.Bg2 Qb6 7.Nc2 d5 8.cxd5 exd5
9.O-O Be6 10.Nc3 Rd8 11.Ne1 d4 12.Ne4 Be7 13.Nd3 Nxe4 14.Bxe4 Bd5  1/2-1/2

[Event "3rd ACP Blitz Prelim3"]
[Site "playchess.com INT"]
[Date "2004.06.02"]
[Round "3"]
[White "Grabuzova,T"]
[Black "Psakhis,L"]
[Result "0-1"]
[WhiteElo "2348"]
[BlackElo "2545"]

1.d4 Nf6 2.c4 e6 3.g3 c5 4.d5 exd5 5.cxd5 b5 6.Bg2 d6 7.e4 Nbd7 8.Ne2 g6
9.O-O Bg7 10.a4 b4 11.Nd2 Ba6 12.Re1 O-O 13.Nf4 c4 14.Nf3 Ne5 15.Nd4 Qb6
16.h3 Nfd7 17.Be3 Nc5 18.Qc2 Rac8 19.Rad1 Qa5 20.Nc6 Nxc6 21.dxc6 Qxa4 22.Qxa4 Nxa4
23.Rxd6 Nxb2 24.Nd5 Kh8 25.Nxb4 Bb5 26.Bxa7 c3 27.Bd4 Nc4 28.Bxg7+ Kxg7 29.Rd4 Na3
30.Rc1 c2 31.Rd6 Rb8 32.Nxc2 Nc4 33.Rd4 Ne5 34.Ne3 Nxc6 35.Rd5 Nb4 36.Rd4 Nd3
37.Rd1 Nc5 38.Nd5 Bd7 39.e5 Ba4 40.Nf6 Bxd1 41.Rxd1 Rfd8 42.Rc1 Nd3 43.Rc7 Nxe5
44.Ne4 Rbc8 45.Ra7 Rc1+ 46.Kh2 Rc2 47.f4 Nf3+  0-1

[Event "Summer IV"]
[Site "Alushta UKR"]
[Date "2004.06.19"]
[Round "4"]
[White "Tishin,D"]
[Black "Alexandrova,O"]
[Result "0-1"]
[WhiteElo "2372"]
[BlackElo "2430"]

1.d4 Nf6 2.c4 e6 3.g3 c5 4.d5 exd5 5.cxd5 b5 6.Bg2 d6 7.a4 b4 8.Nd2 Ba6 9.b3 g6
10.Bb2 Bg7 11.e3 O-O 12.Ne2 Nbd7 13.O-O Re8 14.Re1 Ne5 15.Nc1 Nfd7 16.Qc2 Rc8
17.f4 c4 18.bxc4 Nxc4 19.Bxg7 Nxe3 20.Qb2 Rc2 21.Qxb4 Kxg7 22.Be4 Nxd5 23.Qxd6 Rxd2
24.Nb3 Re6 25.Qxe6 fxe6 26.Nxd2 Qb6+ 27.Kh1 Nc3 28.Bg2 Bb7 29.Nf3 Ne4 30.Re2 Ndf6
31.a5 Qc5 32.a6 Bd5 33.Rb1 Ng4 34.Ng5 Nef2+ 35.Kg1 Nd3+ 36.Kh1 Ngf2+ 37.Kg1 Nh3+  0-1

[Event "Masters"]
[Site "Grenoble FRA"]
[Date "2004.06.22"]
[Round "5"]
[White "Verat,L"]
[Black "Olivier,JC"]
[Result "1/2-1/2"]
[WhiteElo "2319"]
[BlackElo "2360"]

1.d4 Nf6 2.c4 e6 3.g3 c5 4.d5 exd5 5.cxd5 d6 6.Bg2 g6 7.Nc3 Bg7 8.Nf3 O-O
9.O-O Na6 10.Nd2 Nc7 11.Nc4 Nh5 12.Bd2 b6 13.Ne4 Ne8 14.Rb1 Bf5 15.Re1 Qe7
16.Qc2 Nc7 17.Ne3 Bxe4 18.Qxe4 Qxe4 19.Bxe4 b5 20.Ba5 Rac8 21.Bg2 f5 22.Bf3 Nf6
23.Ng2 g5 24.Ne3 g4 25.Bg2 Nd7 26.a4 bxa4 27.Nc4 Nb5 28.e4 f4 29.gxf4 Rxf4
30.Bd2 Rf7 31.Ne3 Ne5 32.Nf5 Nd3 33.Re3 c4 34.Bf1 Ne5 35.Bb4 Nf3+ 36.Kg2 Rxf5
37.exf5 Nh4+ 38.Kh1 Nxf5 39.Re4 Nfd4 40.Ra1 a3 41.Bxa3 Nc2 42.Rxc4 Rxc4 43.Bxc4 Nbxa3
44.Rxa3 Nxa3 45.bxa3  1/2-1/2

[Event "Skanska Cup"]
[Site "Olomouc CZE"]
[Date "2004.07.06"]
[Round "4"]
[White "Jirka,J"]
[Black "Postny,E"]
[Result "0-1"]
[WhiteElo "2406"]
[BlackElo "2563"]

1.d4 Nf6 2.c4 e6 3.g3 c5 4.d5 exd5 5.cxd5 b5 6.f3 d6 7.e4 a6 8.a4 b4 9.Nd2 g6
10.Nc4 a5 11.Bf4 Ba6 12.g4 Bxc4 13.Bxc4 Qe7 14.Ne2 h5 15.g5 Nfd7 16.Bb5 Bg7
17.Qd2 O-O 18.O-O Nb6 19.Rae1 N8d7 20.Bg3 Rfc8 21.b3 c4 22.Nd4 cxb3 23.Nc6 Qf8
24.f4 Bc3 25.Qd1 Bxe1 26.Qxe1 Re8 27.f5 gxf5 28.Rxf5 Qg7 29.Bxd6 Qc3 30.Qf1 Qe3+
31.Qf2 Rxe4 32.Qxe3 Rxe3 33.Ne7+ Rxe7 34.Bxe7 b2 35.Rf1 Rc8 36.Bc6 Ne5 37.Bf6 Nxc6
38.dxc6 Nxa4  0-1

[Event "Skanska Cup"]
[Site "Olomouc CZE"]
[Date "2004.07.07"]
[Round "5"]
[White "Bernasek,J"]
[Black "Babula,V"]
[Result "0-1"]
[WhiteElo "2395"]
[BlackElo "2569"]

1.d4 Nf6 2.c4 e6 3.g3 c5 4.d5 exd5 5.cxd5 b5 6.Bg2 Bb7 7.e4 d6 8.a4 a6 9.axb5 Nbd7
10.Ne2 axb5 11.Rxa8 Qxa8 12.O-O Be7 13.Na3 b4 14.Nc4 Ba6 15.Ne3 O-O 16.f4 Bd8
17.Re1 Re8 18.Qc2 b3 19.Qxb3 Nxe4 20.Nc3 Nxc3 21.bxc3 Bd3 22.Nc2 Bf6 23.Rxe8+ Qxe8
24.Ne3 c4 25.Qa3 Nc5 26.Kf2 h5 27.Bd2 Kh7 28.Bf3 Ne4+ 29.Bxe4+ Qxe4 30.Qa1 Bd8
31.Qd1 g6 32.Qf3 Qe7 33.Nd1 Qa7+ 34.Ne3 Qa2 35.Qd1 Ba5 36.Qc1 Be4 37.Ke2 Bb6
38.h4 Bc5 39.Ke1 Qa4 40.Qd1 Qd7 41.Qe2 Qh3 42.Qf2 Bxd5 43.f5 Kg7 44.f6+ Kg8
45.Qf4 Qh1+ 46.Nf1 Qg2 47.Be3 Bf3 48.Qxc4 Bxe3 49.Nxe3 Qxg3+ 50.Kf1 Bg4 51.Qd4 Qh3+
52.Kg1 Qxh4 53.Qxd6 Qe1+ 54.Nf1 Be2 55.Qd8+ Kh7 56.Qe7 Qxf1+ 57.Kh2 Qf2+  0-1

[Event "IM"]
[Site "Balatonlelle HUN"]
[Date "2004.07.22"]
[Round "4"]
[White "Hecht,HJ"]
[Black "Titz,Hei"]
[Result "1-0"]
[WhiteElo "2423"]
[BlackElo "2217"]

1.d4 Nf6 2.c4 e6 3.g3 c5 4.d5 exd5 5.cxd5 g6 6.Nc3 Bg7 7.Bg2 d6 8.Nf3 O-O
9.O-O a6 10.a4 Nbd7 11.Bf4 Qc7 12.Rc1 Nh5 13.Bd2 Ne5 14.Nxe5 Bxe5 15.Bh6 Bg7
16.Bxg7 Kxg7 17.b4 f5 18.bxc5 Qxc5 19.Nb5 Qb6 20.Nc7 Rb8 21.Qd2 Nf6 22.a5 Qb3
23.Rc3 Qa4 24.Rfc1 Qxa5 25.Ne6+ Bxe6 26.Rc7+ Qxc7 27.Rxc7+ Bf7 28.Qb4 Rfd8
29.Rxb7 Rxb7 30.Qxb7 Rd7 31.Qa8 Rc7 32.h3 Rc5 33.Qxa6 Nxd5 34.Qxd6 Rc1+ 35.Kh2 Nf6
36.Qe5 h5 37.e4 Re1 38.Qc3 Rxe4 39.Bxe4 fxe4 40.g4 hxg4 41.hxg4 g5 42.Qe5 Bd5
43.Qxg5+ Kf7 44.Qf4  1-0

[Event "Open"]
[Site "Balatonlelle HUN"]
[Date "2004.07.22"]
[Round "4"]
[White "Kaposztas,M"]
[Black "Csiszar,C"]
[Result "0-1"]
[WhiteElo "2217"]
[BlackElo "2390"]

1.d4 Nf6 2.c4 e6 3.g3 c5 4.Nf3 cxd4 5.Nxd4 d5 6.Bg2 e5 7.Nf3 d4 8.O-O Nc6
9.e3 Bc5 10.exd4 exd4 11.Re1+ Be6 12.Ng5 O-O 13.Rxe6 fxe6 14.Nxe6 Qb6 15.Nxf8 Rxf8
16.Nd2 d3 17.Qf3 Re8 18.Qxd3 Bxf2+ 19.Kh1 Re1+ 20.Nf1 Ne5 21.Qf5 Bd4 22.Rb1 Neg4
23.h3 Nf2+ 24.Kh2 N2e4 25.Bxe4 Rxe4 26.Qf3 Qe6 27.g4 Re2+ 28.Kg3 Ne4+  0-1

[Event "Politiken Cup"]
[Site "Copenhagen DEN"]
[Date "2004.07.24"]
[Round "1"]
[White "Nilssen,J"]
[Black "Brasoy,A"]
[Result "1-0"]
[WhiteElo "2414"]
[BlackElo "2004"]

1.d4 Nf6 2.c4 e6 3.g3 c5 4.Nf3 cxd4 5.Nxd4 d5 6.Bg2 e5 7.Nf3 d4 8.O-O Nc6
9.e3 Bc5 10.exd4 exd4 11.Re1+ Be6 12.Ne5 Qb6 13.Nd3 Be7 14.Nd2 O-O 15.b3 Rfe8
16.a3 a5 17.Bb2 Rad8 18.Rc1 Qc7 19.Nf3 Bg4 20.h3 Bf5 21.Nf4 Bc5 22.Nd5 Rxe1+
23.Nxe1 Qd6 24.Nd3 Bxd3 25.Qxd3 Nd7 26.b4 axb4 27.axb4 Nxb4 28.Nxb4 Bxb4
29.Qxd4 Qxd4 30.Bxd4 b6 31.Bc6 Nc5 32.Be3 Rc8 33.Bd5 h5 34.Rb1 Ba5 35.Rb5 Nd7
36.Kg2 g6 37.Bd4 Kf8 38.Rb1 Nc5 39.f4 Nd7 40.Kf3 Ke7 41.Rb2 Kf8 42.f5 Nc5
43.Re2 Re8 44.Bg7+  1-0

[Event "Skanska Open"]
[Site "Pardubice CZE"]
[Date "2004.07.24"]
[Round "2"]
[White "Bernasek,J"]
[Black "Sulskis,S"]
[Result "1/2-1/2"]
[WhiteElo "2395"]
[BlackElo "2557"]

1.d4 Nf6 2.c4 e6 3.g3 c5 4.d5 exd5 5.cxd5 g6 6.Nc3 Bg7 7.Bg2 O-O 8.Nf3 d6
9.Nd2 Na6 10.O-O Rb8 11.a4 Nb4 12.Nc4 Ne8 13.Bf4 g5 14.Bd2 f5 15.Qc1 f4 16.Na2 Bg4
17.f3 Bf5 18.Nxb4 cxb4 19.gxf4 gxf4 20.Bxf4 Rc8 21.e4 Bd7 22.Bg5 Bf6 23.Bxf6 Qxf6
24.b3 b5 25.axb5 Bxb5 26.Kh1 Ng7 27.Rxa7 Bxc4 28.bxc4 b3 29.Rb7 Rb8 30.Rb5 Rfc8
31.Qa3 b2 32.Bh3 Rxb5 33.cxb5 Qc3 34.Qa2 Rf8 35.b6 Rxf3 36.Qa8+ Kf7 37.Qa7+ Kf8
38.b7 Rxf1+ 39.Bxf1 Qf3+ 40.Kg1 Qg4+ 41.Kf2 Qf4+ 42.Kg1 b1=Q 43.b8=Q+ Qxb8
44.Qxb8+ Ne8 45.Qb2 Qxe4 46.Qf2+ Ke7 47.Qd2 Nf6 48.Bg2 Qb1+ 49.Bf1 Qb6+ 50.Kh1 Qb7
51.Qe1+ Kd8 52.Bg2 Qe7 53.Qb1 Qe3 54.Qb8+ Ke7 55.Qc7+ Ke8 56.Qb8+ Kf7 57.Qb1 Kg7
58.Qd1 Kf7 59.h3 Qe5 60.Qd3 Ke7 61.Qb1 h5 62.Qb7+ Kf8 63.Qc8+ Kf7 64.Qc7+ Kg6
65.Qc2+ Qf5 66.Qc4 Kg5 67.Qc3 Qf4 68.Qe1 h4 69.Qe7 Kg6 70.Qe6 Qe5 71.Qc8 Kg7
72.Qc7+ Kf8 73.Qb8+ Ne8 74.Qb4 Qg3 75.Qe4 Nf6 76.Qe6 Qf4 77.Qe2 Qc1+ 78.Kh2 Qf4+
79.Kh1 Qe5 80.Qf2 Qg5 81.Qd4 Kf7 82.Qd3 Nh5 83.Qh7+ Kf8 84.Qh8+ Ke7 85.Qh7+ Kd8
86.Qh8+ Ke7 87.Qh7+ Ng7 88.Qe4+ Kd8 89.Qc2 Nf5 90.Qb2 Ke7 91.Qb7+ Kf6 92.Qb2+ Kf7
93.Qb7+ Kg6 94.Qb1 Qe3 95.Qc2 Kg5 96.Qd1 Ng3+ 97.Kh2 Ne2 98.Qa1 Qd4 99.Qxd4 Nxd4
100.Kg1 Ne2+ 101.Kf2 Nf4 102.Bf1 Nxd5 103.Kf3 Nf6 104.Ba6 Kf5 105.Bd3+ Ke5
106.Bg6 d5 107.Bb1 d4 108.Bd3 Nd5 109.Kg4 Nf4 110.Bf1 Nd5 111.Kxh4 Kf4 112.Bb5 Nf6
113.Ba6 Nd7  1/2-1/2

[Event "Open"]
[Site "Balatonlelle HUN"]
[Date "2004.07.26"]
[Round "8"]
[White "Medvegy,Z"]
[Black "Czebe,A"]
[Result "0-1"]
[WhiteElo "2456"]
[BlackElo "2481"]

1.d4 Nf6 2.c4 e6 3.g3 c5 4.d5 exd5 5.cxd5 Bd6 6.Nc3 O-O 7.Bg2 Re8 8.Nf3 Bc7
9.O-O d6 10.Nd2 Bf5 11.e4 Bg6 12.f4 Ba5 13.Re1 Nbd7 14.g4 c4 15.h3 b5 16.f5 Ne5
17.Nf1 Nd3 18.fxg6 Nxe1 19.gxf7+ Kxf7 20.Qxe1 Kg8 21.Bg5 b4 22.Na4 Qd7 23.b3 Nxd5
24.bxc4 Qxa4 25.cxd5 Rac8 26.Ne3 Bb6 27.Kh1 Bd4 28.Rd1 Be5 29.Qe2 Rc3 30.Bf1 h6
31.Bh4 Rxe3  0-1

[Event "2nd North Urals Cup"]
[Site "Krasnoturinsk RUS"]
[Date "2004.07.27"]
[Round "4"]
[White "Stefanova,A"]
[Black "Kursova,M"]
[Result "1/2-1/2"]
[WhiteElo "2527"]
[BlackElo "2334"]

1.d4 Nf6 2.c4 e6 3.g3 c5 4.Nf3 cxd4 5.Nxd4 d5 6.Bg2 e5 7.Nb3 d4 8.O-O Nc6
9.Bg5 Be7 10.e3 Bg4 11.Qd3 e4 12.Qc2 d3 13.Qc1 Nd7 14.Bxe7 Qxe7 15.Nc3 f5
16.Nd2 Nce5 17.Nd5 Qc5 18.b4 Qd6 19.Qc3 O-O 20.Rfc1 Qh6 21.Nf4 Rfd8 22.h3 Bh5
23.g4 Bxg4 24.hxg4 Nxg4 25.Bh3 Nde5 26.Bxg4 Nxg4 27.Nf1 Rd6 28.c5 Rf6 29.Qd2 Ne5
30.Qb2 Nf3+ 31.Kg2 Nh4+ 32.Kg1 Nf3+ 33.Kg2 Nh4+  1/2-1/2

[Event "Politiken Cup"]
[Site "Copenhagen DEN"]
[Date "2004.07.29"]
[Round "7"]
[White "Holst,A"]
[Black "Sadvakasov,D"]
[Result "1/2-1/2"]
[WhiteElo "2358"]
[BlackElo "2626"]

1.d4 Nf6 2.c4 e6 3.g3 c5 4.Nf3 cxd4 5.Nxd4 d5 6.Bg2 e5 7.Nf3 e4 8.Nd4 dxc4
9.Qa4+ Bd7 10.Qxc4 Na6 11.Nc3 Rc8 12.Qb3 Nc5 13.Qd1 Qb6 14.O-O Be7 15.Nb3 O-O
16.Bg5 Ba4 17.Nxa4 Nxa4 18.Qd4 Qb5 19.Bxf6 Bxf6 20.Qxa7 Rfe8 21.Qa5 Qxa5
22.Nxa5 Bxb2 23.Rad1 b5 24.Nb7 Nc3 25.Rd2 Ba3 26.e3 g6 27.Ra1 f5 28.Bf1 Kf8
29.Na5 Red8 30.Rc2 Ke7 31.Kg2 Kf6 32.h4 h6 33.Nb3 Rc7 34.Nd4 Rdc8 35.Rd2 Rd8
36.Rc2 g5 37.hxg5+ hxg5 38.Ne2 b4 39.g4 fxg4 40.Ng3 Rcd7 41.Bc4 Rh8 42.Rg1 Ke5
43.Ne2 Rc7 44.Bb3 Rch7 45.Nxc3 bxc3 46.Rxc3 g3 47.Kf1 Rh1 48.Rxh1 Rxh1+ 49.Kg2 gxf2
50.Kxf2 Bd6 51.Rc8 Rh2+ 52.Kf1 Kf5 53.Bc2 Rh1+ 54.Kg2 Re1 55.Kf2 Ra1 56.a4 g4
57.Rc4 g3+ 58.Kg2 Ra2 59.Kg1 Kf6 60.Bxe4 Ra3 61.Kg2 Rxe3 62.Bf3 Ra3 63.Re4 Kf5
64.Re2 Rxa4 65.Bc6 Rh4 66.Kf3 Rb4 67.Kg2 Kg5 68.Bf3 Bf4 69.Rc2 Kh4 70.Re2 Rb3
71.Re4 Rb2+ 72.Re2 Rb8 73.Re4 Kg5 74.Re2 Bd6 75.Bd5 Kf4 76.Re4+ Kf5 77.Re2 Rh8
78.Kf3 Rh4 79.Kg2 Rd4 80.Bf3 Bf4 81.Bb7 Rc4 82.Bd5 Rc1 83.Bf3 Bc7 84.Be4+ Kf4
85.Rc2 Rd1 86.Rxc7 Rd2+ 87.Kg1  1/2-1/2

[Event "Open Dutch Champ"]
[Site "Dieren NED"]
[Date "2004.08.02"]
[Round "6"]
[White "Odendahl,R"]
[Black "Pedersen,NV"]
[Result "1-0"]
[WhiteElo "2377"]
[BlackElo "2471"]

1.d4 Nf6 2.c4 e6 3.g3 c5 4.d5 exd5 5.cxd5 b5 6.Bg2 d6 7.e4 Nbd7 8.Ne2 g6
9.b4 cxb4 10.Nd4 Bg7 11.Nc6 Qb6 12.Be3 Nc5 13.Bd4 O-O 14.O-O Re8 15.Nd2 Bb7
16.Rc1 a5 17.e5 Nfd7 18.Ne4 Bxe5 19.Nxe5 Rxe5 20.Bxe5 dxe5 21.Nxc5 Nxc5 22.Qe2 Nd7
23.Rfd1 Re8 24.Bf1 Ba6 25.Rc6 Qb7 26.Qc2 Nb6 27.Rc7 Qb8 28.Qc6 Rd8 29.d6 a4
30.Bxb5 Bxb5 31.Qxb5 Na8 32.Rb7 Qc8 33.Qxb4 Qc2 34.Qb1 Qc6 35.Rb8 Qd7 36.Rxd8+ Qxd8
37.d7 Nc7 38.Qc2 Ne6 39.Qxa4 Nd4 40.Rxd4 exd4 41.Qxd4  1-0

[Event "HZ Open"]
[Site "Vlissingen NED"]
[Date "2004.08.13"]
[Round "8"]
[White "Peek,Mau"]
[Black "Floor,D"]
[Result "1/2-1/2"]
[WhiteElo "2348"]
[BlackElo "2181"]

1.d4 Nf6 2.c4 e6 3.g3 c5 4.d5 exd5 5.cxd5 d6 6.Nc3 g6 7.Bg2 Bg7 8.Nf3 O-O
9.O-O a6 10.a4 Re8 11.Nd2 Nbd7 12.h3 Rb8 13.Nc4 Ne5 14.Na3 Nh5 15.Ne4 b5
16.axb5 axb5 17.f4 Nc4 18.Nxc4 bxc4 19.Kh2 Rb3 20.Nc3 Bxc3 21.bxc3 Rxc3 22.Rf3 Rxf3
23.Bxf3 Qf6 24.Ra4 Qc3 25.Bd2 Qb3 26.Qxb3 cxb3 27.Bc3 Bd7 28.Ra6 Bb5 29.Rxd6 Bxe2
30.Bxh5 gxh5 31.Rb6 Bc4 32.d6 Be6 33.Bf6 h6 34.Rb7 Kh7 35.d7 Bxd7 36.Rxd7 b2
37.Bxb2 Re2+ 38.Kg1 Rxb2 39.Rxf7+ Kg6 40.Rc7 Rc2 41.Rc6+ Kf5 42.Rxh6  1/2-1/2

[Event "I Fincas Mediterranea"]
[Site "Castelldefels ESP"]
[Date "2004.08.19"]
[Round "2"]
[White "Gonzalez Valenzuela,D"]
[Black "Kosten,A"]
[Result "0-1"]
[WhiteElo "2045"]
[BlackElo "2516"]

1.d4 Nf6 2.c4 e6 3.g3 c5 4.d5 exd5 5.cxd5 b5 6.Bg2 d6 7.Nf3 Bb7 8.Nh4 g6
9.O-O Bg7 10.h3 O-O 11.Kh2 Re8 12.Re1 Ne4 13.Bxe4 Rxe4 14.Nf3 Re8 15.e4 Nd7
16.a4 b4 17.Nbd2 Nf6 18.Qc2 Qd7 19.Nc4 Bc8 20.h4 Qg4 21.Nxd6 Qxf3 22.Nxe8 Ng4+
23.Kg1 Bd4 24.Be3 Bxe3 25.fxe3 Bd7 26.Qg2 Qxg2+ 27.Kxg2 Rxe8 28.Rac1 Ne5
29.Rf1 Nd3 30.Rc2 Bxa4 31.Rd2 Bb5 32.Ra1 a6 33.Ra5 Ne5 34.Ra1 Nc4 35.Re2 Rxe4
36.Kf3 f5 37.Kf2 Ne5 38.Rc2 Ng4+ 39.Kg1 Rxe3 40.Rxc5 Rxg3+ 41.Kh1 Be2  0-1

[Event "TCh-CRO"]
[Site "Rabac CRO"]
[Date "2004.09.06"]
[Round "2"]
[White "Rezan,S"]
[Black "Zaja,I"]
[Result "0-1"]
[WhiteElo "2416"]
[BlackElo "2452"]

1.d4 Nf6 2.c4 e6 3.g3 c5 4.Nf3 cxd4 5.Nxd4 d5 6.Bg2 e5 7.Nc2 d4 8.O-O Nc6
9.Bg5 Be7 10.e3 Bg4 11.Qd2 d3 12.Nca3 Be2 13.Re1 O-O 14.Bxf6 gxf6 15.Rxe2 Bb4
16.Qd1 dxe2 17.Qxe2 f5 18.Nc2 Ba5 19.a3 e4 20.b4 Bc7 21.b5 Qd3 22.Qh5 Be5
23.Ne1 Qxc4 24.Nd2 Qe6 25.Rb1 Ne7 26.Bh3 Bg7 27.Nb3 Rac8 28.Ng2 Rc3 29.Nd4 Bxd4
30.exd4 Qg6 31.Qe2 Rfc8 32.Nf4 Rc1+ 33.Rxc1 Rxc1+ 34.Kg2 Qg5 35.Qd2 Rc8 36.Qb2 Ng6
37.Ne2 Nh4+ 38.Kf1 Nf3 39.Nf4 Qf6 40.Ne2 Rd8 41.Bg2 Nxh2+ 42.Kg1 Nf3+ 43.Bxf3 exf3  0-1

[Event "TCh-BEL 2004-5"]
[Site "Belgium BEL"]
[Date "2004.09.26"]
[Round "2"]
[White "Van Heirzeele,D"]
[Black "Laurent,B"]
[Result "1/2-1/2"]
[WhiteElo "2230"]
[BlackElo "2348"]

1.d4 Nf6 2.c4 e6 3.g3 c5 4.Nf3 cxd4 5.Nxd4 Nc6 6.Bg2 Qb6 7.e3 d5 8.cxd5 Bb4+
9.Bd2 Nxd4 10.exd4 O-O 11.O-O Qxd4 12.Bc3  1/2-1/2

[Event "IMA Classic"]
[Site "Gausdal NOR"]
[Date "2004.09.28"]
[Round "8"]
[White "Ivanov,MM"]
[Black "Soderberg,P"]
[Result "1-0"]
[WhiteElo "2463"]
[BlackElo "2268"]

1.d4 Nf6 2.c4 e6 3.g3 c5 4.Nf3 cxd4 5.Nxd4 Qb6 6.Bg2 Nc6 7.Nc2 Ne5 8.b3 Bb4+
9.Nxb4 Qxb4+ 10.Qd2 Qxd2+ 11.Nxd2 Nc6 12.c5 Nb4 13.Kd1 d5 14.cxd6 e5 15.e3 Nc6
16.Bb2 Bg4+ 17.f3 Be6 18.Nc4 Nd7 19.Ke2 O-O 20.Rhd1 Rac8 21.Rac1 b5 22.Nd2 Nb4
23.a3 Nd5 24.f4 f6 25.Rxc8 Rxc8 26.Rc1 Rxc1 27.Bxc1 N5b6 28.Bb2 Kf8 29.Bc6 a6
30.a4 b4 31.a5 Nc8 32.Bxd7 Bxd7 33.fxe5 fxe5 34.Bxe5 Kf7 35.Ne4 Bb5+ 36.Kd2 Ke6
37.Bf4 Kd5 38.Ng5 h6 39.e4+ Kc6 40.Ne6 g5 41.Nd4+ Kd7 42.Nxb5 gxf4 43.gxf4  1-0

[Event "Tatry Open"]
[Site "Tatranske Zruby SVK"]
[Date "2004.09.28"]
[Round "5"]
[White "Jurkiewicz,K1"]
[Black "Hagarova,Z"]
[Result "1/2-1/2"]
[WhiteElo "2217"]
[BlackElo "2330"]

1.d4 Nf6 2.c4 e6 3.g3 c5 4.Nf3 cxd4 5.Nxd4 d5 6.Nf3 Nc6 7.Bg2 d4 8.O-O e5
9.e3 d3 10.Nc3 Bb4 11.Qb3 Bxc3 12.Qxc3 O-O 13.Nd2 Bg4 14.Bxc6 bxc6 15.f3 Bh3
16.Rf2 e4 17.Nxe4 Nxe4 18.fxe4 Qe7 19.e5 Rfe8 20.Qxd3 Qxe5 21.Bd2 Qxb2 22.Bc3 Qb6
23.Qd4  1/2-1/2